000 00309nam a22001211 4500
050 0 0 _aQD561
_b.G86
100 1 _aGurney, Ronald W.
245 1 0 _aIons in solution,
_cby R.W. Gurney ...
260 _aCambridge [Eng.]
_bThe University press,
_c1936.
300 _avi p., 1 l., 206 p.
650 0 _xions
942 _cGEN
999 _c2144
_d2144